000 00375nam a2200145Ia 4500
005 20250529024606.0
008 240331s9999 xx 000 0 und d
082 _a303.6
_bRAG
100 _aRagudevan
245 0 _aLTTE ya handuna ganeema
260 _aBoralesgamuwa
_bJayampathi Bulathsinhala
_c1995
300 _a72 p .,
500 _aIdentification of the LTTE
942 _cL
999 _c1284
_d1284